Online katalóg knižníc regiónu Turca

Prečo majú lienky na chrbte bodky (Record no. 21713)

MARC details
000 -LEADER
fixed length control field 01667cam a2200481 a 4500
001 - CONTROL NUMBER
control field 21713
003 - CONTROL NUMBER IDENTIFIER
control field VRT
005 - DATE AND TIME OF LATEST TRANSACTION
control field 20260309101135.0
008 - FIXED-LENGTH DATA ELEMENTS--GENERAL INFORMATION
fixed length control field 240318s2002 xo a ar 000 j slo
015 ## - NATIONAL BIBLIOGRAPHY NUMBER
National bibliography number SNBA2003/06-02028
020 ## - INTERNATIONAL STANDARD BOOK NUMBER
International Standard Book Number 8071466735
Qualifying information (brož.)
035 ## - SYSTEM CONTROL NUMBER
System control number SNK000405874
035 ## - SYSTEM CONTROL NUMBER
System control number urn:nbn:sk:snk-amlrvo
035 ## - SYSTEM CONTROL NUMBER
System control number urn:nbn:sk:snk-am00c8xo
035 ## - SYSTEM CONTROL NUMBER
System control number 50AE2312-B31E-4DD2-914B-D5621A5A3209
039 #9 - LEVEL OF BIBLIOGRAPHIC CONTROL AND CODING DETAIL [OBSOLETE]
Level of rules in bibliographic description 202407261046
Level of effort used to assign nonsubject heading access points csnk01
Level of effort used to assign subject headings 202403181421
Level of effort used to assign classification VLOAD
Level of effort used to assign subject headings 202402262027
Level of effort used to assign classification VLOAD
Level of effort used to assign subject headings 201712151023
Level of effort used to assign classification VLOAD
040 ## - CATALOGING SOURCE
Original cataloging agency SNK
Language of cataloging slo
Transcribing agency SNK
Description conventions AACR2
041 0# - LANGUAGE CODE
Language code of text/sound track or separate title slo
044 ## - COUNTRY OF PUBLISHING/PRODUCING ENTITY CODE
MARC country code xo
ISO country code SK
072 #7 - SUBJECT CATEGORY CODE
Subject category code 821.162.4-3
Subject category code subdivision Slovenská próza
Source konspekt
072 #7 - SUBJECT CATEGORY CODE
Subject category code 821-93
Source konspekt
080 ## - UNIVERSAL DECIMAL CLASSIFICATION NUMBER
Universal Decimal Classification number 821.162.4-93
Edition identifier 2. slo
080 ## - UNIVERSAL DECIMAL CLASSIFICATION NUMBER
Universal Decimal Classification number 821.162.4-3(0.053.2)
Edition identifier 2. slo
080 ## - UNIVERSAL DECIMAL CLASSIFICATION NUMBER
Universal Decimal Classification number 821.162.4-34
Edition identifier 1981
080 ## - UNIVERSAL DECIMAL CLASSIFICATION NUMBER
Universal Decimal Classification number 82-93
Edition identifier 1981
080 ## - UNIVERSAL DECIMAL CLASSIFICATION NUMBER
Universal Decimal Classification number 82-34
Edition identifier 1981
100 1# - MAIN ENTRY--PERSONAL NAME
Personal name Šuplata, Václav,
Dates associated with a name 1956-
Relationship aut
245 10 - TITLE STATEMENT
Title Prečo majú lienky na chrbte bodky
Statement of responsibility, etc. Václav Šuplata ; ilustrácie Jano Valter
250 ## - EDITION STATEMENT
Edition statement [1. vyd.]
260 ## - PUBLICATION, DISTRIBUTION, ETC.
Place of publication, distribution, etc. Bratislava
Name of publisher, distributor, etc. Junior
Date of publication, distribution, etc. [2002]
300 ## - PHYSICAL DESCRIPTION
Extent 46 s.
Other physical details fareb. ilustr.
Dimensions 27 cm
500 ## - GENERAL NOTE
General note Ilustr. tit. strana
655 #7 - INDEX TERM--GENRE/FORM
Genre/form data or focus term slovenské rozprávky
Source of term SNKPH
655 #7 - INDEX TERM--GENRE/FORM
Genre/form data or focus term literatúra pre deti
Source of term SNKPH
655 #7 - INDEX TERM--GENRE/FORM
Genre/form data or focus term autorské rozprávky
Source of term SNKPH
700 1# - ADDED ENTRY--PERSONAL NAME
Personal name Valter, Ján,
Dates associated with a name 1959-2017
Relationship ill
942 ## - ADDED ENTRY ELEMENTS (KOHA)
Source of classification or shelving scheme Dewey Decimal Classification
Koha item type Krásna literatúra pre deti
Suppress in OPAC No
949 ## - LOCAL PROCESSING INFORMATION (OCLC)
6 2889367601
a savukPV 4954
949 ## - LOCAL PROCESSING INFORMATION (OCLC)
6 17A0377338
9 P60, <03>, [BOOK], {603}
a snkSB 66495
b snkKSP 4073/2003
s 6100:20160606
949 ## - LOCAL PROCESSING INFORMATION (OCLC)
6 17A0377339
9 P60, <04>, [BOOK], {604}
a snkSB 66495 D1
b snkKSP 4074/2003
Holdings
Stav vyradenia Strata Poškodenie Spôsob nadobudnutia Domovská knižnica Aktuálna knižnica Dátum nadobudnutia Total checkouts Čiarový kód exemplára Date last seen Typ exemplára
      Dar Obecná knižnica Turčianska Štiavnička Obecná knižnica Turčianska Štiavnička 09.03.2026   4738000310 09.03.2026 Krásna literatúra pre deti
Projekt je podporený Slovenskou asociáciou knižníc
Prevádzkuje Turčianska knižnica Martin 2026